00540nam a2200157Ia 4500008004100000020001800041082001900059245002800078260009800106300001100204500001600215650003200231700000900263952009300272999001700365120622s9999 xx 000 0 und d a968-6037-81-0 a658.4013 A912o aAuditoría operacional aMéxico : Instituto Mexicano de Contadores Públicos, Comisión de Auditoría Operacional a169 p. aSin portada a1. AUDITORIA ADMINISTRATIVA a Ì 00104070a01b01d2007-01-25l0o658.4013 A912Op01 009961r2012-06-24w2012-06-24yLB c59846d59846